00772cam a2200193 a 4500020003600000020003900036020002700075082001600102100002100118245003600139260004900175300005500224500002000279650002500299942000700324999001500331952011600346952011600462 a0394393333 (text with software) a0394393759 (text without software) a0394392515 (text only)00a005.113 PRI1 aPrice, Wilson T.10aDatabase! :using dbase iii plus aSanta Cruz, Calif. :bMitchell Pub.,cc1988. axii, 356 p. :bill. ;e1 computer disk (5 1/4 in.) aIncludes index. 0aDatabase management. cBK c2166d2166 0010708NFICaMLCampusbMLCampuscGENd2015-09-16l0o005.113 PRIp002061r2022-11-17 00:00:00w2015-09-16yBK 0010708NFICaMLCampusbMLCampuscGENd2015-09-19l0o005.113 PRIp002060r2022-11-17 00:00:00w2015-09-19yBK